The thieves of Riyadh : lives and crimes of the Al Sauds and the Al Nahyans

Bibliographic Details
Format: Book
Published: London : Muslim Chronicle , 1992
Subjects:

MARC

LEADER 00000cam a2200000 7i4500
001 0000007017
002 000007554
005 20000330.0
020 |a T000000590 
090 0 0 |a 364.09538   |b THI 
245 1 4 |a The thieves of Riyadh :   |b lives and crimes of the Al Sauds and the Al Nahyans 
260 |a London :   |b Muslim Chronicle ,   |c 1992 
300 |a 231p. ;   |c 21cm. 
650 0 0 |a Crimes   |z Saudi Arabia 
650 0 0 |a Criminology   |z Saudi Arabia 
999 |a 039147   |b BUKU   |c PINJAMAN   |e PERPUSTAKAAN KOMUNITI PETALING JAYA